2018 Stanley Cup Playoffs - Statistics

General Stats
  • This quiz has been taken 864 times
  • The average score is 13 of 16
Answers on the Map
Answers color-coded by a green-red scale on the quiz's map according to % correct below.
 
Answer Stats
Team % Correct
Washington Capitals
96%
Pittsburgh Penguins
92%
Boston Bruins
91%
Vegas Golden Knights
91%
Tampa Bay Lightning
89%
Toronto Maple Leafs
89%
San Jose Sharks
81%
Winnipeg Jets
78%
Los Angeles Kings
77%
Nashville Predators
77%
Colorado Avalanche
75%
Minnesota Wild
74%
Anaheim Ducks
70%
Philadelphia Flyers
70%
Columbus Blue Jackets
69%
New Jersey Devils
58%
No matching quizzes found
Score Distribution
Percent of People with Each Score
Percentile by Number Answered
Your Score History
You have not taken this quiz